Impuesto al valor agregado (Registro nro. 1928)
[ vista simple ]
| 000 -LEADER | |
|---|---|
| fixed length control field | 01893 a2200277 4500 |
| 001 - CONTROL NUMBER | |
| control field | 29655 |
| 005 - DATE AND TIME OF LATEST TRANSACTION | |
| control field | 20260407155606.0 |
| 008 - FIXED-LENGTH DATA ELEMENTS--GENERAL INFORMATION | |
| fixed length control field | 260407a1987 arg spa d |
| 003 - CONTROL NUMBER IDENTIFIER | |
| control field | AR-UNSa-BCEJYS |
| 040 ## - CATALOGING SOURCE | |
| Original cataloging agency | AR-UNSa-BCEJYS |
| Language of cataloging | spa |
| Transcribing agency | AR-UNSa-BCEJYS |
| 080 ## - UNIVERSAL DECIMAL CLASSIFICATION NUMBER | |
| Universal Decimal Classification number | 336.226.3 |
| Common auxiliary subdivision | Impuestos por el uso de los ingresos. Impuestos al consumo. IVA |
| 020 ## - INTERNATIONAL STANDARD BOOK NUMBER | |
| International Standard Book Number | 950-9109-42-8 |
| 041 ## - LANGUAGE CODE | |
| Language code of text/sound track or separate title | spa |
| 100 1# - MAIN ENTRY--PERSONAL NAME | |
| Personal name | McEwan, Héctor |
| 245 10 - TITLE STATEMENT | |
| Title | Impuesto al valor agregado |
| Name of part/section of a work | análisis integral |
| 250 ## - EDITION STATEMENT | |
| Edition statement | 3a. ed. |
| 264 #1 - PRODUCTION, PUBLICATION, DISTRIBUTION, MANUFACTURE, AND COPYRIGHT NOTICE | |
| Place of production, publication, distribution, manufacture | Buenos Aires : |
| Name of producer, publisher, distributor, manufacturer | Tesis |
| Date of production, publication, distribution, manufacture, or copyright notice | 1987 |
| 300 ## - PHYSICAL DESCRIPTION | |
| Extent | 589 p. |
| Dimensions | 22 cm. |
| 505 ## - FORMATTED CONTENTS NOTE | |
| Formatted contents note | 1. Objeto del impuesto - 2. Sujetos pasivos del impuesto - 3. Nacimiento del hecho imponible - 4. Exenciones - 5. Tratamiento preferencial en función del destino - 6. Liquidación del gravamen por el régimen general (Base imponible) - 7. Liquidación del gravamen por el régimen general (Débito fiscal) - 8. Liquidación del gravamen por el régimen general (Crédito fiscal) - 9. Normas de transición para el computo del crédito fiscal - 10. Compra por habitualistas de bienes muebles usados a consumidores finales - 11. Comisionistas o consignatarios - 12. Régimen especial de las obras sobre inmuebles ajeno retribuida mediante una concesión - 13. Periodo fiscal de liquidación en el régimen general - 14. Las alícuotas del impuesto en el régimen general - 15. Saldos a favor en el régimen general - 16. Régimen de inscripción - 17. Responsables inscriptos.Sus obligaciones - 18. Régimen de facturación y registraciones contables - 19. Régimen especial para las exportaciones - 20. Disposiciones generales y transitorias - 21. Régimen simplificado - 22. Casos prácticos |
| 590 ## - LOCAL NOTE (RLIN) | |
| Local note | niveau_biblio:m niveau_hierar:0 |
| 700 1# - ADDED ENTRY--PERSONAL NAME | |
| Personal name | Chalupowicz, Israel |
| 700 1# - ADDED ENTRY--PERSONAL NAME | |
| Personal name | Lauria, Rúben A. |
| 700 1# - ADDED ENTRY--PERSONAL NAME | |
| Personal name | Dalmasio, Adalberto Raúl |
| 700 1# - ADDED ENTRY--PERSONAL NAME | |
| Personal name | Paladino, Héctor |
| 942 ## - ADDED ENTRY ELEMENTS (KOHA) | |
| Koha item type | |
| Withdrawn status | Lost status | Damaged status | Not for loan | Home library | Current library | Shelving location | Date acquired | Total checkouts | Full call number | Barcode | Date last seen | Price effective from | Koha item type |
|---|---|---|---|---|---|---|---|---|---|---|---|---|---|
| Biblioteca Prof. Eusebio Cleto del Rey | Biblioteca Prof. Eusebio Cleto del Rey | 07/04/2026 | 336.226.3 I34 3ed. | L45793 | 07/04/2026 | 07/04/2026 | Libro | ||||||
| Biblioteca Prof. Eusebio Cleto del Rey | Biblioteca Prof. Eusebio Cleto del Rey | 07/04/2026 | 336.226.3 I34 3ed. | L45795 | 07/04/2026 | 07/04/2026 | Libro | ||||||
| Biblioteca Prof. Eusebio Cleto del Rey | Biblioteca Prof. Eusebio Cleto del Rey | 07/04/2026 | 336.226.3 I34 3ed. | L45602 | 07/04/2026 | 07/04/2026 | Libro | ||||||
| Biblioteca Prof. Eusebio Cleto del Rey | Biblioteca Prof. Eusebio Cleto del Rey | 07/04/2026 | 336.226.3 I34 3ed. | L45787 | 07/04/2026 | 07/04/2026 | Libro | ||||||
| Biblioteca Prof. Eusebio Cleto del Rey | Biblioteca Prof. Eusebio Cleto del Rey | 07/04/2026 | 336.226.3 I34 3ed. | L45788 | 07/04/2026 | 07/04/2026 | Libro | ||||||
| Biblioteca Prof. Eusebio Cleto del Rey | Biblioteca Prof. Eusebio Cleto del Rey | 07/04/2026 | 39869336.226.3 I34 3ed. | L45791 | 07/04/2026 | 07/04/2026 | Libro | ||||||
| Biblioteca Prof. Eusebio Cleto del Rey | Biblioteca Prof. Eusebio Cleto del Rey | 07/04/2026 | 336.226.3 I34 3ed. | L45792 | 07/04/2026 | 07/04/2026 | Libro | ||||||
| Biblioteca Prof. Eusebio Cleto del Rey | Biblioteca Prof. Eusebio Cleto del Rey | 07/04/2026 | 336.226.3 I34 3ed. | L45790 | 07/04/2026 | 07/04/2026 | Libro | ||||||
| Biblioteca Prof. Eusebio Cleto del Rey | Biblioteca Prof. Eusebio Cleto del Rey | 07/04/2026 | 336.226.3 I34 3ed. | L45789 | 07/04/2026 | 07/04/2026 | Libro |